| 000 | 02107cam a2200373 4500 | ||
|---|---|---|---|
| 001 | M2078 | ||
| 008 | 090401t1996 xxu||||| |||| 00| 0 eng d | ||
| 035 | _a(Sirsi) u36357 | ||
| 041 | _aeng | ||
| 050 | _a690.2 | ||
| 110 |
_aRoyal Institution of Chartered Surveyors _94900 |
||
| 245 | _aBuilding Surveyors National Briefing `96: ... University of Nottingham, Friday 12th - Sunday 14th April. | ||
| 260 |
_aLondon _bRICS _c1996 |
||
| 300 | _a7 items ; 30cm. | ||
| 350 | _a40 | ||
| 520 | _aNOT TO BE PHOTOCOPIED. Contents: Synopses / Presidential address. - FULFORD, A. / The market - the client`s perspective. GORDON, H. / Funding - the lottery alternative. - ROCK, D. / Legal update. - BURTON, W. / The expert witness in court. - RAPER, T., JANNEY, M., LEWIS, D., HOUGH, C., JOLLY, M. / Sports building design & maintenance - the next generation. - JOHN, G. / Facilities management: what is it and what are the opportunities for building surveyors?. - OWEN, D. / CDM as HSE sses it. - NATTRASS, S. / Risk assessment. - WAKELING, G. / Legal duties and liabilites for the property industry. - GARTHWAITE, H. / Energy efficient, ecological and healthy construction. - HINES, J. / Domestic energy ratings and their role in building regulations. - RICKABY, P. / Tree roots and foundations. - O`CALLAGHAN, D. / Means of escape - let the surveyor chute first. - GIBSON, D. / Environmental control of timber decay. - HUTTON, T. / Commercial structural survey | ||
| 520 | _aRef copy has 6 parts - full conference papers paper missing. | ||
| 650 | _aBUILT ENVIRONMENT-BUILDING INSPECTION | ||
| 650 | _aBUILDING SURVEYORS NATIONAL BRIEFING 96 | ||
| 650 | _aCASE LAW | ||
| 650 | _aCONFERENCE PAPERS | ||
| 650 | _aDOMESTIC ENERGY RATINGS | ||
| 650 |
_aFACILITIES MANAGEMENT _96240 |
||
| 650 | _aNATIONAL LOTTERY | ||
| 650 | _aPRIVATE FINANCE INITIATIVE | ||
| 650 | _aRISK ASSESSMENT | ||
| 650 | _aSPORTS CENTRES | ||
| 650 | _aSTRUCTURAL SURVEYS | ||
| 650 | _aTOWN CENTRES | ||
| 650 | _aTREE ROOTS | ||
| 690 | _aBUILT ENVIRONMENT-BUILDING INSPECTION | ||
| 942 | _n0 | ||
| 948 | _c04/03/1997 | ||
| 999 |
_c90260 _d90260 |
||